Quiz de Culture Générale 02 - Statistiques

Statistiques générales
  • Ce quiz a été pris 41 fois
  • Le résultat moyen est 6 sur 20
Statistiques - réponses
Hint Réponse % Correct
Quel rappeur originaire de Boulogne-Billancourt est l'auteur du morceau "ma définition" sorti en 2002 ? Booba
74%
Quel ancien membre du groupe "Sexion d'Assaut" s'est fait connaître en solo avec les titres "Sur ma route" et "Madame Pavoshko" ? Black M
60%
Quel pays colonisé par l'Angleterre était aussi appelé "Joyau de la couronne" ? Inde
60%
Quelle livre pionnier de la science-fiction mettant en scène un homme donnant vie à une créature à été écrit par Mary Shelley ? Frankenstein
57%
Quel boxeur est connu pour avoir mordu et arraché l'oreille de l'un de ses adversaires ? Mike Tyson
49%
Combien de points marque une personne qui vient de réaliser un strike au bowling ? 20
43%
Qui est le dieu de la forge dans le panthéon grec ? Héphaïstos
40%
Sur quelle "île" se situa la cathédrale Notre-Dame de Paris ? Ile de la Cité
37%
Comment se nomme le réalisateur de la saga de film "Le Seigneur des Anneaux" ? Peter Jackson
37%
Quel acteur à incarné un père de famille dans "Malcolm" et un trafiquant de drogue dans "Breaking Bad" ? Bryan Cranston
34%
Comment se nomme le maître des Tortues Ninjas ? Splinter
34%
Quel est le nom de l'oeuvre la plus célèbre de Michel de Montaigne, composée de 3 livres et 107 chapitres, écrits entre 1571 et 1588 ? Les Essais
26%
Quel évènement où des caisses de thé ont été jetées à la mer a eu lieu en 1773 à Boston ? La Boston Tea Party
20%
Quel profession exerçait le mari d'Emma Bovary dans le roman "Madame Bovary" ? Médecin
20%
Quelle équipe coréenne à gagné 6 fois les championnats du monde de League of Legends ? T1
17%
Quel fromage à base de lait de vache et fermenté en moins de 10 jours a traditionnellement une forme de coeur ? Neufchâtel
11%
Dans quel pays se trouve "Le dôme de Richat", aussi appelé "Oeil de l'Afrique" ? Mauritanie
9%
De quel pays Thomas Sankara a t'il été le président avant d'être assassiné le 15 octobre 1989 ? Burkisa Faso
0%
Quel était le surnom du commandant Massoud, combattant afghan assassiné deux jours avant les attentats du 11 septembre ? Le lion du Panshir
0%
Quelle plante à pour pour signification "arbres à roses" en grec ancien ? Rhododendron
0%
Aucun quiz correspondant
Distribution des résultats
% des personnes avec chaque résultat
Percentile par nombre de réponses
Votre historique - résultats
Vous n’avez pas pris ce quiz